000
00299nam a2200097Ia 4500
008
220204s9999 xx 000 0 und d
082
_a
019.4(73)
_b
AME
245
0
_a
American book publishing record cumulative 1950-77: An american national bibliography. 15 V
260
_a
New York
_b
Bowker
942
_c
BK
999
_c
38183
_d
38183